مكتبة جامعة عجلون الوطنية

فهرس بحث المكتبة

Normal view MARC view
  • الحنيطي، هيثم خلف

Entry Personal Name

Number of records used in: 1

001 - CONTROL NUMBER

  • control field: 59589

003 - CONTROL NUMBER IDENTIFIER

  • control field: JO-AjAnu

005 - DATE AND TIME OF LATEST TRANSACTION

  • control field: 20230606083737.0

008 - FIXED-LENGTH DATA ELEMENTS

  • fixed length control field: 230606|| aca||aabn | a|a d

040 ## - CATALOGING SOURCE

  • Original cataloging agency: JO-AjAnu
  • Transcribing agency: JO-AjAnu

100 ## - HEADING--PERSONAL NAME

  • Personal name: الحنيطي، هيثم خلف

670 ## - SOURCE DATA FOUND

  • Source citation: Work cat.: (JO-AjAnu)30391: الحنيطي، هيثم خلف, author, مبادىء ريادة الاعمال ما بين النظرية والتطبيق=Principles of Entrepreneurship Theory and Practice